[Event "93rd ch-GBR"]
[Site "Swansea WLS"]
[Date "2006.08.08"]
[Round "2"]
[White "Arakhamia,K"]
[Black "Sherwin,J"]
[Result "1/2-1/2"]
[WhiteElo "2427"]
[BlackElo "2291"]
[EventDate "2006.08.07"]

1. e4 e5 2. Nf3 Nc6 3. Bb5 f5 4. d3 fxe4 5. dxe4 Nf6 6. O-O d6 7. Qd3 Bd7
8. a4 g6 9. Nc3 Bg7 10. Bc4 Qe7 11. Bg5 Qf8 12. a5 a6 13. h3 Nd8 14. Bxf6
Bxf6 15. Nd5 Ne6 16. Rad1 Qg7 17. Qb3 Bc8 18. c3 Rf8 19. Qc2 Bd8 20. Nh2 h5
21. b4 Bd7 22. Qd3 Rb8 23. Qe3 Ra8 24. Rfe1 g5 25. Be2 Rh8 26. Nf1 g4 27.
Qg3 h4 28. Qh2 gxh3 29. Nfe3 Ng5 30. Nf5 Bxf5 31. exf5 hxg2 32. Qxg2 c6 33.
Ne3 Nh3+ 34. Kh2 Qxg2+ 35. Nxg2 Nxf2 36. Rxd6 h3 37. Ne3 Bc7 38. Re6+ Kf8
39. Rf6+ Ke7 40. Re6+ Kd7 41. Nc4 e4+ 42. Kg1 Raf8 43. Ne5+ Bxe5 44. Rxe5
h2+ 45. Kxf2 h1=Q 46. Rxh1 Rxh1 47. Rxe4 Rh3 48. c4 Rb3 49. b5 axb5 50.
cxb5 Rxf5+ 51. Ke1 Rfxb5 52. Bxb5 Rxb5 53. Ra4 Rd5 54. a6 bxa6 55. Rxa6 Kd6
56. Ke2 Kc5 57. Ra1 Kd6 58. Rc1 Rd4 59. Ke3 c5 60. Rc3 Rh4 61. Kd2 Kd5 62.
Rg3 Kc4 63. Kc2 Rh2+ 64. Kc1 Kb4 65. Rf3 c4 66. Rg3 1/2-1/2

[Event "93rd ch-GBR"]
[Site "Swansea WLS"]
[Date "2006.08.08"]
[Round "2"]
[White "Roberson,P"]
[Black "Haslinger,S"]
[Result "0-1"]
[WhiteElo "2122"]
[BlackElo "2423"]
[EventDate "2006.08.07"]

1. e4 e5 2. Nf3 Nc6 3. Bb5 a6 4. Bxc6 dxc6 5. O-O Ne7 6. Na3 f6 7. c3 Ng6
8. Nc2 Qd3 9. Ne3 Be6 10. Qc2 Qxc2 11. Nxc2 Bc4 12. Re1 Bd3 13. Nb4 Bxb4
14. cxb4 Kf7 15. b3 a5 16. bxa5 Rxa5 17. g3 c5 18. Bb2 Bb5 19. Rec1 Bd3 20.
Re1 Ra6 21. Re3 Rd8 22. a4 Rb6 23. Ra3 Rb4 24. Ne1 Rxe4 25. b4 Rxe3 26.
dxe3 c4 27. Rc3 e4 28. Nc2 Ra8 29. a5 Ne7 30. Na3 Nd5 31. Rc1 Nxb4 32. Nxc4
Na2 33. Ne5+ fxe5 34. Rxc7+ Kf6 35. Rxb7 Rxa5 36. Rb6+ Kf7 37. Rb7+ Ke6 38.
Rxg7 Rb5 39. Ba3 Rb1+ 40. Kg2 Bf1+ 0-1

[Event "93rd ch-GBR"]
[Site "Swansea WLS"]
[Date "2006.08.08"]
[Round "2"]
[White "Thomas,Ni"]
[Black "Palliser,R"]
[Result "1-0"]
[WhiteElo "2299"]
[BlackElo "2413"]
[EventDate "2006.08.07"]

1. e4 c5 2. c3 d5 3. exd5 Qxd5 4. d4 Nc6 5. Nf3 Bg4 6. dxc5 Qxd1+ 7. Kxd1
e5 8. Be3 f5 9. Bb5 f4 10. Bd2 Bxc5 11. Re1 O-O-O 12. Bxc6 bxc6 13. Rxe5
Bxf2 14. Ke2 Bb6 15. h3 Bxf3+ 16. gxf3 Nf6 17. Na3 Bc7 18. Re7 Bd6 19. Rxa7
Rhe8+ 20. Kd1 Bb8 21. Rxg7 Rd3 22. Nc4 Nd5 23. Kc2 Rxf3 24. Rxh7 Bc7 25.
Rg1 Rf8 26. Rgg7 Rg3 27. Rd7 f3 28. Ne3 Nxe3+ 29. Bxe3 Bb8 30. Rdf7 Rxf7
31. Rxf7 Rxh3 32. a4 Bc7 33. Kd3 Kb7 34. b4 f2 35. Rxf2 Bb6 36. Rf7+ Ka6
37. Re7 c5 38. Kc4 cxb4 39. Bxb6 Kxb6 40. Re6+ 1-0

[Event "93rd ch-GBR"]
[Site "Swansea WLS"]
[Date "2006.08.08"]
[Round "2"]
[White "Buckley,G"]
[Black "Davies,Ni"]
[Result "0-1"]
[WhiteElo "2379"]
[BlackElo "2512"]
[EventDate "2006.08.07"]

1. d4 d6 2. e4 c6 3. Nc3 Qc7 4. Nf3 e5 5. Be2 Nf6 6. O-O Be7 7. b3 O-O 8.
Bb2 b5 9. Re1 Nbd7 10. Bf1 Bb7 11. Qd2 Rfe8 12. Rad1 Bf8 13. a3 a6 14. Bd3
c5 15. d5 g6 16. Bf1 Bg7 17. g3 Bc8 18. Na2 Nb6 19. Nh4 Bd7 20. Bc3 a5 21.
Nc1 b4 22. axb4 cxb4 23. Ba1 Rec8 24. Bd3 Be8 25. Na2 Nfd7 26. Rb1 Nc5 27.
Bf1 Bd7 28. c3 a4 29. bxa4 b3 30. Nb4 Rxa4 31. f4 exf4 32. gxf4 Nxe4 33.
Rxe4 Rxa1 34. Rxa1 Bxc3 35. Qd1 Bxa1 36. Qxa1 Qc1 37. Qxc1 Rxc1 38. Nd3 Bb5
39. Kg2 Rxf1 40. Rb4 Bxd3 0-1

[Event "93rd ch-GBR"]
[Site "Swansea WLS"]
[Date "2006.08.08"]
[Round "2"]
[White "Parker,J"]
[Black "Roberts,DL"]
[Result "1-0"]
[WhiteElo "2509"]
[BlackElo "2126"]
[EventDate "2006.08.07"]

1. d4 Nf6 2. c4 g6 3. Nc3 Bg7 4. e4 d6 5. h3 O-O 6. Bg5 c5 7. d5 h6 8. Be3
e6 9. Bd3 exd5 10. exd5 Re8 11. Kf1 Nh5 12. Qd2 g5 13. g4 Nf6 14. f4 Rxe3
15. Qxe3 Nfd7 16. Re1 Kf8 17. Nf3 gxf4 18. Qxf4 Ne5 19. Nxe5 dxe5 20. Rxe5
Nc6 21. Re2 Nd4 22. Rf2 Qe7 23. Kg2 1-0

[Event "93rd ch-GBR"]
[Site "Swansea WLS"]
[Date "2006.08.08"]
[Round "2"]
[White "Rendle,T"]
[Black "Shaw,P"]
[Result "1-0"]
[WhiteElo "2390"]
[BlackElo "2122"]
[EventDate "2006.08.07"]

1. e4 e6 2. d4 b6 3. Bd3 Bb7 4. Nf3 c5 5. c3 Nf6 6. Qe2 Be7 7. O-O Nc6 8.
e5 Nd5 9. dxc5 bxc5 10. c4 Nb6 11. Nc3 Qb8 12. Re1 h6 13. a4 a6 14. Nd2 Qc7
15. a5 Nc8 16. Qg4 g5 17. f4 h5 18. Qg3 g4 19. Nb3 N8a7 20. f5 O-O-O 21. f6
Bf8 22. Bf4 Nb4 23. Ne4 h4 24. Qe3 Nxd3 25. Qxd3 Rh5 26. Qe2 Bxe4 27. Qxe4
Qb7 28. Nd2 d6 29. exd6 Bxd6 30. Bxd6 Rxd6 31. Qf4 Rd4 32. Ne4 Qc6 33. Rad1
g3 34. Rxd4 cxd4 35. Nd6+ Kd7 36. Nxf7 gxh2+ 37. Kxh2 Ke8 38. Nd6+ Kf8 39.
Rxe6 Nc8 40. Re8+ Qxe8 41. Nxe8 Kxe8 42. Qc7 1-0

[Event "93rd ch-GBR"]
[Site "Swansea WLS"]
[Date "2006.08.08"]
[Round "2"]
[White "Goodger,M"]
[Black "Eggleston,D"]
[Result "0-1"]
[WhiteElo "2128"]
[BlackElo "2232"]
[EventDate "2006.08.07"]

1. e4 e6 2. Nf3 d5 3. Nc3 dxe4 4. Nxe4 Nd7 5. d4 Ngf6 6. Nxf6+ Nxf6 7. Bd3
c5 8. dxc5 Bxc5 9. O-O Qc7 10. Qe2 Bd7 11. g3 Bd6 12. Nd4 O-O 13. Nb5 Bxb5
14. Bxb5 h6 15. Be3 e5 16. Rfd1 e4 17. Rd2 Be5 18. c3 a6 19. Ba4 b5 20. Bb3
Qb7 21. Rad1 Rac8 22. a3 Rfe8 23. Ba2 Rb8 24. Bc5 Qc8 25. Bd6 Bxd6 26. Rxd6
a5 27. R1d4 Qh3 28. Qf1 Qh5 29. Qd1 Ng4 30. h4 Qf5 31. Qe2 Ne5 32. Kg2 Nf3
33. R4d5 Qg4 34. h5 b4 35. cxb4 axb4 36. Qe3 Ng5 37. Kf1 Qxh5 38. Rd7 bxa3
39. Rxg5 Qh1+ 40. Ke2 Rxb2+ 41. Rd2 Qf3+ 0-1

[Event "93rd ch-GBR"]
[Site "Swansea WLS"]
[Date "2006.08.08"]
[Round "2"]
[White "Pym,T"]
[Black "Addison,B"]
[Result "0-1"]
[WhiteElo "2114"]
[BlackElo "2241"]
[EventDate "2006.08.07"]

1. e4 e5 2. Nf3 Nc6 3. Bb5 a6 4. Ba4 Nf6 5. d3 b5 6. Bb3 Be7 7. c3 O-O 8.
O-O d6 9. Nbd2 Na5 10. Bc2 c5 11. Re1 Nc6 12. Nf1 Re8 13. Ng3 h6 14. h3 Bf8
15. a3 d5 16. exd5 Nxd5 17. Bb3 Nb6 18. d4 exd4 19. Rxe8 Qxe8 20. cxd4 c4
21. d5 cxb3 22. dxc6 Qxc6 23. Qxb3 Bb7 24. Nf5 Nc4 25. N3h4 Kh7 26. Qg3 g6
27. b3 Nd6 28. Nd4 Qd5 29. Bb2 Ne4 30. Qf4 Bg7 31. Ndf5 Ng5 0-1

[Event "93rd ch-GBR"]
[Site "Swansea WLS"]
[Date "2006.08.08"]
[Round "2"]
[White "Fowler,S"]
[Black "Cannon,Ri"]
[Result "1/2-1/2"]
[WhiteElo "2181"]
[BlackElo "2102"]
[EventDate "2006.08.07"]

1. d4 e6 2. Nc3 d5 3. e4 Nf6 4. e5 Nfd7 5. f4 c5 6. Nf3 Nc6 7. Be3 a6 8.
Qd2 b5 9. Qf2 Qb6 10. Bd3 cxd4 11. Nxd4 Nxd4 12. Bxd4 Bc5 13. Ne2 Bb7 14.
O-O Rc8 15. Rae1 Kd8 16. f5 Kc7 17. fxe6 fxe6 18. Bxc5 Nxc5 19. b4 Ne4 20.
Qxb6+ Kxb6 21. Nd4 Rhe8 22. Rf7 Rc7 23. Ref1 Rce7 24. Bxe4 dxe4 25. a3 Bd5
26. c3 Bc4 27. R1f4 Bd5 28. g3 g5 29. Rxe7 Rxe7 30. Rf6 h5 31. Kf2 h4 32.
Rg6 hxg3+ 33. hxg3 Rf7+ 34. Ke3 Rf1 35. Nxe6 Rf3+ 36. Kd2 Rd3+ 37. Kc2 Rxg3
38. Nf4+ Bc6 39. Nd5+ Kb7 40. Rg7+ Kb8 41. Nc7 Rg2+ 42. Kd1 e3 43. Nxa6+
Ka8 44. Nc7+ Kb8 45. Na6+ Ka8 46. Rf7 g4 47. Nc7+ Kb8 48. Na6+ 1/2-1/2

[Event "93rd ch-GBR"]
[Site "Swansea WLS"]
[Date "2006.08.08"]
[Round "2"]
[White "Hughes,Ro"]
[Black "Bennet,W"]
[Result "1-0"]
[WhiteElo "2071"]
[BlackElo "2180"]
[EventDate "2006.08.07"]

1. d4 Nf6 2. Nf3 d6 3. e3 Bg4 4. c4 c6 5. Nc3 Nbd7 6. Be2 e5 7. Qc2 Qc7 8.
O-O Be7 9. h3 Bh5 10. b4 O-O 11. Bb2 Nb6 12. c5 Nbd7 13. Rfd1 exd4 14. Nxd4
Bg6 15. Nf5 Bxf5 16. Qxf5 dxc5 17. Ne4 Nd5 18. Nxc5 Nxc5 19. bxc5 Bf6 20.
Bxf6 Nxf6 21. Rd6 Qc8 22. Qxc8 Raxc8 23. Bf3 Rfd8 24. Rad1 Rxd6 25. Rxd6
Kf8 26. g4 Ke7 27. g5 Ne8 28. Rd4 Nc7 29. Rb4 b5 30. cxb6 c5 31. Re4+ Ne6
32. bxa7 c4 33. Rxe6+ Kxe6 34. a8=Q Rxa8 35. Bxa8 Kf5 36. f3 Kxg5 37. Be4
f5 38. Bc2 Kf6 39. Kf2 Ke5 40. a4 g6 41. Ke2 f4 42. exf4+ Kd4 43. Kd2 c3+
44. Ke2 Kc4 45. f5 gxf5 46. Bxf5 1-0

[Event "93rd ch-GBR"]
[Site "Swansea WLS"]
[Date "2006.08.08"]
[Round "2"]
[White "Corke,A"]
[Black "Chevannes,S"]
[Result "0-1"]
[WhiteElo "2179"]
[BlackElo "2080"]
[EventDate "2006.08.07"]

1. d4 d5 2. c4 e6 3. Nc3 c6 4. cxd5 exd5 5. Qc2 g6 6. Bf4 Bg7 7. e3 Bf5 8.
Bd3 Bxd3 9. Qxd3 Nf6 10. Nge2 O-O 11. O-O Nbd7 12. b4 b5 13. a4 a6 14. Ra2
Nb6 15. Rfa1 Qe7 16. Qb1 Nh5 17. axb5 Nxf4 18. Nxf4 axb5 19. Nd3 Rxa2 20.
Rxa2 Ra8 21. Rxa8+ Nxa8 22. Qa1 Nb6 23. Qa6 Qc7 24. Ne2 Nc4 25. Nec1 Qd7
26. h3 Bh6 27. Qa8+ Kg7 28. Qb8 Qf5 29. Qc7 Qe4 30. Ne5 Nxe5 31. Qxe5+ Qxe5
32. dxe5 d4 33. Nd3 dxe3 34. f4 Kf8 35. Kf1 Ke7 36. Ke2 Ke6 37. Kxe3 Kd5
38. g3 Kc4 39. Ke4 Bf8 40. g4 Bxb4 41. Nxb4 Kxb4 42. Kd4 c5+ 43. Kd5 c4 44.
f5 gxf5 45. gxf5 c3 46. e6 fxe6+ 47. fxe6 c2 48. e7 c1=Q 49. e8=Q Qc4+ 50.
Kd6 Kb3 51. Qe3+ Qc3 52. Qe6+ Ka3 53. Ke7 Qg7+ 54. Kd8 Qd4+ 55. Ke7 Qa7+
56. Kf8 b4 57. Qe5 Qf2+ 58. Kg7 Qb2 59. Qxb2+ Kxb2 60. Kxh7 Kc3 61. h4 b3
62. h5 b2 63. h6 b1=Q+ 64. Kg7 Qb7+ 65. Kg8 Qc8+ 66. Kg7 Qd7+ 67. Kg8 Qe6+
68. Kg7 Qe7+ 69. Kh8 Qf7 0-1

[Event "93rd ch-GBR"]
[Site "Swansea WLS"]
[Date "2006.08.08"]
[Round "2"]
[White "Moyse,N"]
[Black "Ledger,S"]
[Result "1-0"]
[WhiteElo "2036"]
[BlackElo "2177"]
[EventDate "2006.08.07"]

1. d4 Nf6 2. Nf3 c5 3. d5 b5 4. c4 Bb7 5. a4 bxc4 6. Nc3 d6 7. e4 g6 8.
Bxc4 Bg7 9. O-O O-O 10. Qe2 Nbd7 11. h3 Ne8 12. Bg5 Nc7 13. Rad1 Rb8 14. a5
f6 15. Bf4 Qc8 16. Nd2 Ba6 17. b3 Ne5 18. Bxe5 fxe5 19. Qe3 Rf6 20. Rb1 Qf8
21. g4 Bc8 22. Kg2 Bd7 23. Ne2 Nb5 24. b4 cxb4 25. Rxb4 Qd8 26. Ra1 a6 27.
Bd3 Rf8 28. Nc4 Qc7 29. Nb6 Rfd8 30. Rc1 Qa7 31. Bxb5 Bxb5 32. Nc3 Be8 33.
Nca4 Rb7 34. Rbc4 Bxa4 35. Rxa4 Rc7 36. Rac4 Rxc4 37. Rxc4 Bf6 38. Qc1 Kf7
39. Rc7 Qb8 40. Qc6 Kf8 41. Rb7 1-0

[Event "93rd ch-GBR"]
[Site "Swansea WLS"]
[Date "2006.08.08"]
[Round "2"]
[White "Sugden,J"]
[Black "Thomas,Jos"]
[Result "1-0"]
[WhiteElo "2166"]
[BlackElo "2029"]
[EventDate "2006.08.07"]

1. e4 g6 2. d4 d6 3. c4 Bg7 4. Nc3 Nc6 5. Be3 e5 6. d5 Nce7 7. c5 Nf6 8.
Be2 O-O 9. Qd2 Ne8 10. O-O-O f5 11. f3 f4 12. Bf2 b6 13. cxb6 axb6 14. Kb1
Ba6 15. Rc1 Rf7 16. Rc2 Qb8 17. a3 Qb7 18. Na2 Nc8 19. Nb4 Bxe2 20. Nxe2
Bf6 21. g3 Bg5 22. gxf4 Bxf4 23. Nxf4 Rxf4 24. Qe3 Na7 25. Bg3 Rf7 26. f4
exf4 27. Bxf4 Nf6 28. Qd4 Re8 29. Re1 Nd7 30. Bg3 Rfe7 31. Rce2 Ne5 32.
Bxe5 Rxe5 33. Nd3 R5e7 34. Nf4 Qa6 35. Ne6 c5 36. Qd2 Nb5 37. Rf2 Nc7 38.
e5 dxe5 39. Nxc7 Rxc7 40. d6 Rd7 41. Qd5+ Kh8 42. Rxe5 Qa8 43. Rxe8+ Qxe8
44. Rf6 Kg7 45. Re6 Qf7 46. Qe5+ Kh6 47. Qe3+ Kg7 48. Re7 Rxe7 49. dxe7 Qe8
50. Qe6 c4 51. Kc1 g5 52. Kd2 h5 53. Ke3 g4 54. Kf4 Qf7+ 55. Ke5 Qe8 56.
Qf6+ Kg8 57. Kf5 b5 58. Qg6+ 1-0

[Event "93rd ch-GBR"]
[Site "Swansea WLS"]
[Date "2006.08.08"]
[Round "2"]
[White "Khandelwal,A"]
[Black "Constantinou,P"]
[Result "1-0"]
[WhiteElo "1974"]
[BlackElo "2148"]
[EventDate "2006.08.07"]

1. e4 g6 2. d4 Bg7 3. c4 d6 4. Nc3 Nc6 5. d5 Nd4 6. Be3 c5 7. Bd3 e5 8.
dxe6 fxe6 9. Nge2 Ne7 10. O-O O-O 11. f4 a6 12. a4 Nec6 13. Ng3 Bd7 14. f5
exf5 15. exf5 gxf5 16. Nh5 Be5 17. Nd5 Be6 18. Nhf4 Kh8 19. Nxe6 Nxe6 20.
Qh5 Ng7 21. Qh3 Nb4 22. Nxb4 cxb4 23. Bh6 Qd7 24. Kh1 Bxb2 25. Rab1 Bc3 26.
Rf3 Rf6 27. Rbf1 Rg8 28. Qh4 Qf7 29. Bg5 Rg6 30. Rh3 Ne6 31. Rxf5 Qg7 32.
Rf6 Nxg5 33. Rxg6 Qe7 34. Re6 Qf7 35. Rh6 Rg7 36. Re3 Be5 37. Rh5 Bf6 38.
Qg4 b3 39. h4 Nh3 40. Rxh7+ Rxh7 41. Qc8+ Kg7 42. Rxh3 Rh8 43. Rg3+ Kh6 44.
Qf5 1-0

[Event "93rd ch-GBR"]
[Site "Swansea WLS"]
[Date "2006.08.08"]
[Round "2"]
[White "Briscoe,C"]
[Black "Nicholson,Jo"]
[Result "1/2-1/2"]
[WhiteElo "2137"]
[BlackElo "1945"]
[EventDate "2006.08.07"]

1. e4 c5 2. Nf3 e6 3. d3 Nc6 4. g3 d5 5. Nbd2 Nf6 6. Bg2 Be7 7. O-O O-O 8.
Re1 b5 9. e5 Nd7 10. Nf1 f6 11. Bf4 f5 12. h4 h6 13. h5 Qe8 14. c4 bxc4 15.
dxc4 Nb6 16. N3d2 Ba6 1/2-1/2

[Event "93rd ch-GBR"]
[Site "Swansea WLS"]
[Date "2006.08.09"]
[Round "3"]
[White "Hebden,M"]
[Black "Gordon,S"]
[Result "1-0"]
[WhiteElo "2532"]
[BlackElo "2443"]
[EventDate "2006.08.07"]

1. d4 Nf6 2. Nf3 d5 3. c4 c6 4. e3 a6 5. Bd2 e6 6. Nc3 Nbd7 7. Qc2 dxc4 8.
a4 c5 9. Bxc4 cxd4 10. exd4 Qc7 11. Qd3 b6 12. Rc1 Bb7 13. Qe2 Bb4 14. O-O
O-O 15. Rfd1 Bxf3 16. gxf3 Bd6 17. Bxa6 Bxh2+ 18. Kh1 Qb8 19. Bb5 Bf4 20.
Be3 Rc8 21. Qd2 Bxe3 22. fxe3 Nf8 23. Qh2 Qb7 24. Qh3 Ng6 25. Bd3 Qe7 26.
Rc2 Rd8 27. Rh2 e5 28. d5 Qc5 29. Bxg6 fxg6 30. Ne4 Qe7 31. d6 Qf7 32. Ng5
Qb3 33. Qe6+ Qxe6 34. Nxe6 Rd7 35. Rc2 h6 36. b3 Kf7 37. Nc7 Rc8 38. Rc4
Ne8 39. Nxe8 Rxe8 40. Rc6 Rb8 41. Kg2 g5 42. Kg3 g6 43. Rd5 Ke6 44. e4 h5
45. b4 Rbd8 46. Rxb6 Rxd6 47. b5 R8d7 48. Rbxd6+ Rxd6 49. a5 1-0

[Event "93rd ch-GBR"]
[Site "Swansea WLS"]
[Date "2006.08.09"]
[Round "3"]
[White "Greet,A"]
[Black "Rendle,T"]
[Result "1/2-1/2"]
[WhiteElo "2431"]
[BlackElo "2390"]
[EventDate "2006.08.07"]

1. e4 e6 2. d4 d5 3. Nc3 Bb4 4. e5 c5 5. a3 Ba5 6. b4 cxd4 7. Qg4 Ne7 8.
bxa5 dxc3 9. Qxg7 Rg8 10. Qxh7 Nbc6 11. Nf3 Qc7 12. Bf4 Bd7 13. a6 b6 14.
Bd3 O-O-O 15. Bg3 Rh8 16. Qg7 Rdg8 17. Qf6 Be8 18. O-O Rh5 19. Qf4 Nf5 20.
Bxf5 Rxf5 21. Qe3 Na5 22. Nd4 Rfg5 23. f4 Rg4 24. Rf3 Nc4 25. Qxc3 Qc5 26.
Rd1 Bb5 27. h3 R4g7 28. Kh2 Bxa6 29. Rg1 Kb7 30. Bf2 Qc7 31. Qb4 Qd8 32. a4
Ka8 33. Nb3 d4 34. Bxd4 Qd5 35. Rf2 Bb7 36. g4 Rh7 37. Qe1 Bc6 1/2-1/2

[Event "93rd ch-GBR"]
[Site "Swansea WLS"]
[Date "2006.08.09"]
[Round "3"]
[White "Houska,Jo"]
[Black "Rowson,J"]
[Result "0-1"]
[WhiteElo "2364"]
[BlackElo "2579"]
[EventDate "2006.08.07"]

1. e4 c5 2. Nf3 Nc6 3. Bb5 e6 4. O-O Nge7 5. c3 a6 6. Ba4 b5 7. Bc2 Bb7 8.
Re1 Rc8 9. d3 Ng6 10. Nbd2 Qc7 11. Nf1 Be7 12. Be3 O-O 13. Ng3 f5 14. exf5
exf5 15. Bg5 f4 16. Bxe7 Ncxe7 17. Ne4 h6 18. d4 d6 19. a4 Nf5 20. axb5
axb5 21. Qe2 Qc6 22. Ra7 Rce8 23. Qd2 Bc8 24. dxc5 dxc5 25. c4 Ngh4 26.
Nxh4 Nxh4 27. Qd5+ Qxd5 28. cxd5 f3 29. g3 Nf5 30. Rd1 Nd4 31. Bb1 Bh3 32.
Nc3 b4 33. Bd3 bxc3 34. bxc3 Ne2+ 35. Bxe2 fxe2 36. Re1 Rf3 0-1

[Event "93rd ch-GBR"]
[Site "Swansea WLS"]
[Date "2006.08.09"]
[Round "3"]
[White "Davies,Ni"]
[Black "Thomas,Ni"]
[Result "1-0"]
[WhiteElo "2512"]
[BlackElo "2299"]
[EventDate "2006.08.07"]

1. d4 e6 2. c4 Nf6 3. g3 Bb4+ 4. Bd2 a5 5. Bg2 d6 6. Nf3 Bxd2+ 7. Qxd2 Nbd7
8. O-O O-O 9. Nc3 e5 10. e4 exd4 11. Nxd4 Ne5 12. b3 Bd7 13. f4 Nc6 14.
Ndb5 Re8 15. c5 dxc5 16. e5 Ng4 17. Rad1 Bf5 18. Nd5 Rc8 19. h3 Nh6 20. Qc3
Bd7 21. Qxc5 Nf5 22. Rd3 b6 23. Qf2 Rxe5 24. Rfd1 Re6 25. Ndxc7 Re7 26. Nd5
Re6 27. Nxb6 Rb8 1-0

[Event "93rd ch-GBR"]
[Site "Swansea WLS"]
[Date "2006.08.09"]
[Round "3"]
[White "Britton,R"]
[Black "Ward,C"]
[Result "0-1"]
[WhiteElo "2288"]
[BlackElo "2461"]
[EventDate "2006.08.07"]

1. e4 c5 2. Nc3 Nc6 3. g3 g6 4. Bg2 Bg7 5. d3 d6 6. f4 e6 7. Nf3 Nge7 8.
O-O O-O 9. Be3 b6 10. d4 Ba6 11. Re1 Rc8 12. a4 d5 13. exd5 exd5 14. dxc5
d4 0-1

[Event "93rd ch-GBR"]
[Site "Swansea WLS"]
[Date "2006.08.09"]
[Round "3"]
[White "Eggleston,D"]
[Black "Arakhamia,K"]
[Result "0-1"]
[WhiteElo "2232"]
[BlackElo "2427"]
[EventDate "2006.08.07"]

1. d4 Nf6 2. c4 g6 3. Nc3 Bg7 4. e4 d6 5. Bd3 O-O 6. Nge2 Nc6 7. O-O Nh5 8.
Bc2 e5 9. d5 Ne7 10. f4 Nxf4 11. Nxf4 exf4 12. Bxf4 h6 13. Be3 c5 14. Qd2
g5 15. h4 Ng6 16. hxg5 Be5 17. Ne2 Bg4 18. Rf5 h5 19. Raf1 Qd7 20. Nf4 Bxf5
21. exf5 Nxf4 22. Bxf4 Bd4+ 23. Be3 Bxe3+ 24. Qxe3 Rae8 25. Qf3 f6 26. Qxh5
Qh7 27. Qg4 Qg7 28. g6 Qh6 29. Qf4 Kg7 30. Qxh6+ Kxh6 31. Kf2 Kg5 32. Rh1
Re7 33. Re1 Rxe1 34. Kxe1 Kf4 35. Kf2 Re8 36. Ba4 Re7 37. Bc2 a6 38. a4 b6
39. Bb1 Rc7 40. Bd3 Re7 41. g3+ Kg4 42. b3 Ra7 43. Bb1 Rb7 44. Bd3 Rb8 45.
Kg2 Rh8 46. Kf2 Rh2+ 47. Kf1 Kf3 48. Ke1 Rg2 49. Kd1 Ke3 50. Bb1 Rxg3 51.
Kc1 Rg2 52. Bc2 Kd4 53. Kb2 a5 54. Kb1 Kc3 55. Be4 Rg4 56. Bf3 Rg3 57. Be4
Kxb3 0-1

[Event "93rd ch-GBR"]
[Site "Swansea WLS"]
[Date "2006.08.09"]
[Round "3"]
[White "Palliser,R"]
[Black "Roberson,P"]
[Result "0-1"]
[WhiteElo "2413"]
[BlackElo "2122"]
[EventDate "2006.08.07"]

1. d4 Nf6 2. c4 c5 3. d5 e6 4. Nc3 exd5 5. cxd5 d6 6. e4 g6 7. Bd3 Bg7 8.
h3 O-O 9. Nf3 Nh5 10. O-O Nd7 11. Bg5 Bf6 12. Bh6 Bg7 13. Qd2 a6 14. a4
Bxh6 15. Qxh6 Qf6 16. Ne2 Qxb2 17. g4 Qg7 18. Qe3 Nhf6 19. Nd2 Ne8 20. f4
f6 21. Nc4 b6 22. Nc3 Rb8 23. Rab1 Qe7 24. Qg3 Nc7 25. Rbe1 b5 26. Na5 c4
27. Nc6 Qg7 28. Nxb8 Nxb8 29. e5 fxe5 30. fxe5 cxd3 31. Rxf8+ Qxf8 32. Rf1
Qg7 33. exd6 Qxc3 34. dxc7 Nd7 35. Qf4 Qc5+ 36. Kh2 Qxd5 37. Re1 Qf7 38.
Qd4 Nf8 0-1

[Event "93rd ch-GBR"]
[Site "Swansea WLS"]
[Date "2006.08.09"]
[Round "3"]
[White "Knott,S"]
[Black "Hughes,Ro"]
[Result "1-0"]
[WhiteElo "2387"]
[BlackElo "2071"]
[EventDate "2006.08.07"]

1. Nf3 d5 2. d4 Nf6 3. c4 c6 4. Nc3 dxc4 5. a4 Bf5 6. e3 e6 7. Bxc4 Bb4 8.
O-O O-O 9. Qe2 Ne4 10. Bd3 Bxc3 11. Bxe4 Bxe4 12. bxc3 Qd5 13. Ne1 Qa5 14.
Bb2 c5 15. f3 Bc6 16. Nd3 Nd7 17. c4 Rfe8 18. Rfc1 Qd8 19. dxc5 a5 20. e4
e5 21. Qe3 Qe7 22. Ba3 Qh4 23. Rcb1 f5 24. Nf2 f4 25. Qe1 Re6 26. Rd1 Rh6
27. Ng4 Qxe1+ 28. Rxe1 Re6 29. Red1 h5 30. Nf2 Bxa4 31. Rd6 Rxd6 32. cxd6
Kf7 33. c5 Bc6 34. h4 Kf6 35. Nh3 g6 36. Ng5 Nf8 37. g3 fxg3 38. f4 Nd7 39.
Bb2 a4 40. fxe5+ Kg7 41. e6+ Nf6 42. Rf1 1-0

[Event "93rd ch-GBR"]
[Site "Swansea WLS"]
[Date "2006.08.09"]
[Round "3"]
[White "Addison,B"]
[Black "Cobb,J"]
[Result "0-1"]
[WhiteElo "2241"]
[BlackElo "2370"]
[EventDate "2006.08.07"]

1. d4 Nf6 2. c4 e6 3. g3 d5 4. Bg2 c6 5. Nf3 Be7 6. O-O O-O 7. Qc2 Nbd7 8.
Rd1 b6 9. Nc3 Bb7 10. b3 Rc8 11. e4 Ba6 12. Bb2 Qc7 13. e5 Ne8 14. cxd5
cxd5 15. Rac1 Qb7 16. h4 Nc7 17. Ng5 g6 18. Qd2 Nb5 19. Ne2 Na3 20. Nf4
Rxc1 21. Rxc1 Rc8 22. Nxd5 exd5 23. Rxc8+ Qxc8 24. Bxd5 Bb7 25. Bxf7+ Kg7
26. Be6 h6 27. Nf7 g5 28. d5 Nb1 29. Qd1 Bc5 30. Qxb1 Bxf2+ 31. Kh2 Qc5 32.
Qd3 Bg1+ 33. Kh3 Qf2 34. h5 Kf8 35. Nxh6 Nc5 36. Bf7 0-1

[Event "93rd ch-GBR"]
[Site "Swansea WLS"]
[Date "2006.08.09"]
[Round "3"]
[White "Surtees,M"]
[Black "Sowray,P"]
[Result "1/2-1/2"]
[WhiteElo "2182"]
[BlackElo "2357"]
[EventDate "2006.08.07"]

1. e4 c5 2. c3 e6 3. f3 d5 4. Nh3 Nc6 5. Nf2 g6 6. g3 Bg7 7. a4 Nge7 8. d3
f5 9. Bg2 O-O 10. O-O e5 11. f4 Be6 12. fxe5 fxe4 13. dxe4 d4 14. Bf4 Nxe5
15. cxd4 cxd4 16. Nd2 N7c6 17. Bh3 Bf7 18. Bxe5 Nxe5 19. Qe2 Qg5 20. Ra3
Qe7 21. Ng4 d3 22. Qe3 Nc4 23. Nxc4 Bxc4 24. e5 h5 25. Qe4 Qc5+ 26. Ne3 Ba6
27. b4 Rxf1+ 28. Bxf1 Qc1 29. b5 Bxb5 30. axb5 Qxa3 31. Bxd3 Qa1+ 32. Nf1
Qxe5 33. Qxg6 Rd8 34. Bf5 Qd4+ 35. Kg2 Qd5+ 36. Kh3 Qd1 37. Be6+ Kh8 38.
Ne3 Qf3 39. Bf5 Kg8 40. Be6+ Kf8 41. Qg5 Qf6 42. Qc5+ Qe7 43. Qf5+ Qf6 44.
Qc5+ 1/2-1/2

[Event "93rd ch-GBR"]
[Site "Swansea WLS"]
[Date "2006.08.09"]
[Round "3"]
[White "Bonafont,P"]
[Black "Ashton,A"]
[Result "0-1"]
[WhiteElo "2118"]
[BlackElo "2329"]
[EventDate "2006.08.07"]

1. d4 d5 2. Nf3 Nf6 3. c4 e6 4. Nc3 c6 5. Bg5 dxc4 6. e4 b5 7. e5 h6 8. Bh4
g5 9. Nxg5 hxg5 10. Bxg5 Nbd7 11. g3 Rg8 12. h4 Rxg5 13. hxg5 Nd5 14. Qg4
Qa5 15. Rc1 b4 16. Nxd5 cxd5 17. b3 Qxa2 18. g6 Qb2 19. gxf7+ Kd8 20. Qg5+
Be7 21. Rh8+ Kc7 22. f8=Q Bxg5 23. Qd6+ Kb7 24. Qxb4+ Nb6 25. Rh7+ Bd7 26.
Rd1 Rd8 27. f4 c3 28. Bd3 c2 29. Bxc2 Qxc2 30. Rf7 Qg6 31. Rxd7+ Rxd7 32.
fxg5 Qxg5 33. Qc3 Rh7 34. Qf3 Qg6 35. Rc1 Qe4+ 36. Qxe4 dxe4 37. Kf2 Nd5
38. Re1 Rf7+ 39. Kg2 e3 40. Kh3 Rf2 41. Kh4 e2 0-1

[Event "93rd ch-GBR"]
[Site "Swansea WLS"]
[Date "2006.08.09"]
[Round "3"]
[White "Rudd,J"]
[Black "Khandelwal,A"]
[Result "1-0"]
[WhiteElo "2328"]
[BlackElo "1974"]
[EventDate "2006.08.07"]

1. e4 e5 2. d4 exd4 3. Qxd4 Nc6 4. Qe3 Nf6 5. Nc3 Bb4 6. Bd2 O-O 7. O-O-O
Re8 8. Qg3 Ne5 9. f3 d6 10. Nge2 Kh8 11. h4 Bd7 12. Bg5 c6 13. a3 Qa5 14.
axb4 Qa1+ 15. Kd2 Nc4+ 16. Ke1 Qxb2 17. Bxf6 gxf6 18. Qf4 f5 19. Kf2 Ne5
20. Rxd6 Qxb4 21. Qd2 Qb6+ 22. Nd4 fxe4 23. Nxe4 Bf5 24. Ng3 Be6 25. Qf4
Bd5 26. Qf6+ Kg8 27. Ngf5 1-0

[Event "93rd ch-GBR"]
[Site "Swansea WLS"]
[Date "2006.08.09"]
[Round "3"]
[White "Ledger,D"]
[Black "Moyse,N"]
[Result "1-0"]
[WhiteElo "2274"]
[BlackElo "2036"]
[EventDate "2006.08.07"]

1. e4 e5 2. Bc4 Nf6 3. d3 c6 4. Nf3 d5 5. Bb3 Bg4 6. h3 Bh5 7. Qe2 dxe4 8.
dxe4 Nbd7 9. c3 Be7 10. Nbd2 Qc7 11. a4 Rd8 12. O-O O-O 13. a5 b5 14. axb6
axb6 15. Bc2 Ra8 16. Rb1 b5 17. Re1 Nb6 18. Nf1 Bxf3 19. Qxf3 Rfd8 20. Ne3
Bf8 21. Nf5 Nc4 22. Re2 Nd7 23. Qg3 Kh8 24. h4 Nc5 25. h5 Ne6 26. Qh4 Rd7
27. g3 Qd8 28. Qg4 Nd2 29. Bxd2 Rxd2 30. Rxd2 Qxd2 31. Ne3 Qd8 32. Bb3 Ng5
33. Rd1 Qf6 34. Qf5 Qxf5 35. exf5 e4 36. Kg2 Bc5 37. Ng4 h6 38. Ne5 b4 39.
cxb4 Bxb4 40. Nxc6 Bc5 41. Rd5 Bb6 42. Rb5 Bc7 43. Rb7 Bd6 44. Rd7 Bc5 45.
Bd5 Re8 46. b4 e3 47. fxe3 Bxe3 48. Re7 Rxe7 49. Nxe7 Bd2 50. b5 Bb4 51.
Nc6 Bc5 52. Ne5 Kg8 53. Nd7 Bd6 54. b6 Nh7 55. b7 Nf6 56. Nxf6+ gxf6 57. g4
Kf8 58. Kf3 Ke7 59. Ke4 Bb8 60. Kd4 Ba7+ 61. Kc4 Bb8 62. Kb5 Be5 63. Kc6
Bb8 64. Bxf7 Be5 65. Bc4 Bf4 66. Kb6 Bb8 67. Bd5 Kf8 68. Bc4 Ke7 69. Bb5
Kd8 70. g5 fxg5 71. f6 g4 72. Ba4 g3 73. Bc6 g2 74. Bxg2 Ke8 75. Bd5 Kd7
76. Kc5 Ba7+ 77. Kc4 Kd6 78. Kd3 Kd7 79. Ke4 Bb8 80. Kf5 Bd6 81. Kg6 Bf4
82. f7 Ke7 83. Kg7 1-0